000 00326nam a2200133Ia 4500
008 100328s9999 xx 000 0 und d
082 _b33871
100 _aकांबळी दिवाकर
245 _aपरळ 68
260 _bडिंपल
630 _aपरळ 68
730 _aपरळ 68
942 _cBOOK
999 _c524190
_d524187